00604nam a2200169 i 450000100060000000300090000600500170001500700030003200800410003510000430007624501350011925000670025426000290032130000220035070000310037285200310040341846ES-MaACL20231229063010.0t|030311s1978 sp ||||1| spa d1 aCastán Tobeñas, José,d1889-196910aDerecho civil español común y foral b: . Tomo sexto: derecho de sucesiones. Volumen tercero... / cJosé Castán Tobeñas. a8ª ed. rev. y puesta al día bpor José Luis de los Mozos. aMadrid : bReus, c1978. a418 p. ; c23 cm.1 aMozos, José Luis de los. aES-MaACLjA-8184 bR.97007